[Event "Heusenstamm Schloss op"]
[Site "Heusenstamm"]
[Date "2023.11.26"]
[Round "6"]
[White "Braeutigam, Thomas"]
[Black "Li, Yunqi"]
[Result "1/2-1/2"]
[WhiteElo "1992"]
[BlackElo "1576"]
[PlyCount "116"]
[EventDate "2023.11.23"]
[EventType "swiss"]
[EventRounds "7"]
[EventCountry "GER"]
[SourceTitle "CB50_2023"]
[SourceDate "2023.12.13"]
[SourceVersion "1"]
[SourceVersionDate "2023.12.13"]
[SourceQuality "1"]

1. d4 Nf6 2. Nf3 d5 3. g3 e6 4. Bg2 Be7 5. 0-0 0-0 6. c4 dxc4 7. a4 Nc6 8. Na3 Na5 9. Bf4 Nd5 10. Bd2 Nb3 11. Ra2 Nxd2 12. Qxd2 Bxa3 13. Rxa3 Qe7 14. Raa1 b6 15. Ne5 Ba6 16. Rfc1 Rac8 17. Nc6 Qd7 18. Ne5 Qe7 19. e4 Nf6 20. Nxc4 Rfd8 21. b3 c5 22. d5 Bxc4 23. bxc4 Ne8 24. Re1 e5 25. f4 Nd6 26. Qc3 Re8 27. f5 f6 28. Bf1 Rb8 29. Bd3 Rec8 30. Re2 h6 31. Rb2 Qc7 32. g4 a6 33. Rab1 b5 34. axb5 axb5 35. cxb5 c4 36. Bc2 Qc5+ 37. Kf1 Qd4 38. Qe1 c3 39. Rb4 Rc4 40. Rxc4 Nxc4 41. Rc1 Ne3+ 42. Ke2 Nxg4 43. Kf3 h5 44. h3 Nh6 45. Rd1 Qb4 46. Rb1 Qc5 47. Rb3 Rxb5 48. Rxc3 Qb6 49. Qe3 Nf7 50. Rc8+ Kh7 51. Qxb6 Rxb6 52. h4 Rd6 53. Rf8 Nd8 54. Ke3 Nb7 55. Bd1 Rd8 56. Rxd8 Nxd8 57. Bxh5 Kg8 58. Be2 Nb7 1/2-1/2

[Event "Heusenstamm Schloss op"]
[Site "Heusenstamm"]
[Date "2023.11.26"]
[Round "7"]
[White "Vranckx, Oscar"]
[Black "Braeutigam, Thomas"]
[Result "1/2-1/2"]
[WhiteElo "1643"]
[BlackElo "1992"]
[PlyCount "97"]
[EventDate "2023.11.23"]
[EventType "swiss"]
[EventRounds "7"]
[EventCountry "GER"]
[SourceTitle "CB50_2023"]
[SourceDate "2023.12.13"]
[SourceVersion "1"]
[SourceVersionDate "2023.12.13"]
[SourceQuality "1"]

1. e4 c5 2. Nf3 e6 3. d4 cxd4 4. Nxd4 Nc6 5. Nc3 Qc7 6. Be2 a6 7. 0-0 Nf6 8. a3 Be7 9. Be3 0-0 10. f4 d6 11. Qd2 Na5 12. b3 Rd8 13. g4 e5 14. Nf5 Bxf5 15. exf5 d5 16. fxe5 Ne4 17. Nxe4 dxe4 18. Qe1 Qxe5 19. Kh1 Nc6 20. Bc4 b5 21. Bf4 Qc5 22. Be3 Qd6 23. Be2 Bf6 24. Rd1 Qe7 25. Qf2 Rxd1 26. Rxd1 Rd8 27. Rxd8+ Qxd8 28. Qg2 Qe8 29. g5 Bd4 30. Qg3 Qe5 31. Qxe5 Bxe5 32. c4 b4 33. axb4 Nxb4 34. Kg2 a5 35. Bb6 Nc6 36. Bd1 Kf8 37. Bc2 Nd4 38. Bxd4 Bxd4 39. Bxe4 f6 40. gxf6 Bxf6 41. Kf3 Ke7 42. Bc2 Kd6 43. Ke4 Kc5 44. Kd3 h6 45. Bd1 Be5 46. h3 Bf6 47. Bf3 Ba1 48. Bd5 Bf6 49. Be6 1/2-1/2

[Event "Heusenstamm Schloss op"]
[Site "Heusenstamm"]
[Date "2023.11.25"]
[Round "4"]
[White "Braeutigam, Thomas"]
[Black "Peri, Jean Christophe"]
[Result "1/2-1/2"]
[WhiteElo "1992"]
[BlackElo "1667"]
[PlyCount "99"]
[EventDate "2023.11.23"]
[EventType "swiss"]
[EventRounds "7"]
[EventCountry "GER"]
[SourceTitle "CB50_2023"]
[SourceDate "2023.12.13"]
[SourceVersion "1"]
[SourceVersionDate "2023.12.13"]
[SourceQuality "1"]

1. d4 c6 2. c4 d5 3. e3 Nf6 4. Nf3 e6 5. Nc3 Nbd7 6. Bd3 Bd6 7. 0-0 e5 8. cxd5 cxd5 9. e4 dxe4 10. Nxe4 Nxe4 11. Bxe4 0-0 12. dxe5 Nxe5 13. Nxe5 Bxe5 14. Bxh7+ Kxh7 15. Qh5+ Kg8 16. Qxe5 Re8 17. Qc3 Be6 18. Be3 Rc8 19. Qd4 Qxd4 20. Bxd4 Rc2 21. Rfe1 Bd7 22. Rxe8+ Bxe8 23. Re1 Bd7 24. Bc3 Be6 25. a3 b5 26. h3 a5 27. Re4 a4 28. Re5 Bc4 29. Rg5 g6 30. Rc5 Kf8 31. Bf6 Ke8 32. Rc7 Re2 33. g4 Re6 34. g5 Rb6 35. Kh2 Rb8 36. Ra7 Kf8 37. Kg3 Re8 38. Rb7 Re4 39. f3 Re3 40. Rb8+ Re8 41. Rb6 Re6 42. Rb7 Re3 43. Rc7 Ke8 44. Kf4 Re2 45. h4 Re1 46. Kg3 Re2 47. Kf4 Re1 48. Kg3 Re2 49. Kf4 Re1 50. Kg3 1/2-1/2

[Event "Mittelfranken Landesliga Nord 2223"]
[Site "Mittelfranken"]
[Date "2023.01.15"]
[Round "5.6"]
[White "Braeutigam, Thomas"]
[Black "Redzepovic, Irfan"]
[Result "0-1"]
[WhiteElo "1985"]
[BlackElo "2020"]
[PlyCount "92"]
[EventDate "2022.10.09"]
[EventType "team-tourn"]
[EventRounds "9"]
[EventCountry "GER"]
[SourceTitle "EXT 2024"]
[Source "ChessBase"]
[SourceDate "2023.10.10"]
[SourceVersion "1"]
[SourceVersionDate "2023.10.10"]
[SourceQuality "1"]
[WhiteTeam "Wuerzburg"]
[BlackTeam "Nuernberg Sued SW"]
[WhiteTeamCountry "GER"]
[BlackTeamCountry "GER"]

1. d4 d5 2. Nf3 Nf6 3. g3 e6 4. Bg2 Be7 5. 0-0 0-0 6. c4 c6 7. Nbd2 b6 8. Qc2 Na6 9. a3 Bb7 10. b4 c5 11. dxc5 dxc4 12. Rd1 bxc5 13. Nxc4 Qc8 14. b5 Nc7 15. a4 Be4 16. Qb3 Bd5 17. Nfe5 Ne4 18. Bxe4 Bxe4 19. f3 Bb7 20. e4 f5 21. b6 Na6 22. Rd7 fxe4 23. Nd6 c4 24. Nxc8 Bc5+ 25. Be3 cxb3 26. Ne7+ Kh8 27. Bxc5 Nxc5 28. Rc7 axb6 29. Rb1 exf3 30. Rxb7 Nxb7 31. Rxb3 f2+ 32. Kf1 Rxa4 33. N5g6+ hxg6 34. Nxg6+ Kg8 35. Nxf8 Kxf8 36. Rxb6 Nc5 37. Kxf2 Ra2+ 38. Ke3 Rxh2 39. Rb8+ Ke7 40. Rc8 Nd7 41. Rg8 Kf7 42. Rd8 Nf6 43. Ra8 g5 44. Ra5 e5 45. Kf3 g4+ 46. Ke3 Ke6 0-1

[Event "Mittelfranken Landesliga Nord 2223"]
[Site "Mittelfranken"]
[Date "2022.12.11"]
[Round "4.6"]
[White "Martin Fernandez, Rodrigo"]
[Black "Braeutigam, Thomas"]
[Result "1/2-1/2"]
[WhiteElo "2090"]
[BlackElo "1985"]
[PlyCount "84"]
[EventDate "2022.10.09"]
[EventType "team-tourn"]
[EventRounds "9"]
[EventCountry "GER"]
[SourceTitle "EXT 2024"]
[Source "ChessBase"]
[SourceDate "2023.10.10"]
[SourceVersion "1"]
[SourceVersionDate "2023.10.10"]
[SourceQuality "1"]
[WhiteTeam "Erlangen II"]
[BlackTeam "Wuerzburg"]
[WhiteTeamCountry "GER"]
[BlackTeamCountry "GER"]

1. e4 c5 2. Nf3 e6 3. d4 cxd4 4. Nxd4 Nc6 5. c4 Nf6 6. Nc3 Bb4 7. Nxc6 dxc6 8. Qc2 e5 9. a3 Ba5 10. b4 Bc7 11. Be2 0-0 12. Be3 Re8 13. Rd1 Qe7 14. 0-0 Ng4 15. Bc1 Qh4 16. h3 Nf6 17. Rfe1 Be6 18. Be3 Nh5 19. Bf1 Nf4 20. Ne2 Qf6 21. Kh2 b6 22. g3 Ng6 23. Qc1 Qe7 24. b5 cxb5 25. cxb5 Bd6 26. a4 Bb3 27. Rd3 Bxa4 28. Nc3 Bb3 29. Nd5 Bxd5 30. Rxd5 Rac8 31. Qb2 Bc5 32. Bxc5 Rxc5 33. Red1 Rc7 34. h4 h6 35. Bh3 Nf8 36. Rd6 Rc4 37. Qe2 Rc5 38. Qd3 Qc7 39. Rd2 Rc3 40. Qd5 Rc5 41. Qd3 Rc3 42. Qd5 Rc5 1/2-1/2

[Event "Heusenstamm Schloss op"]
[Site "Heusenstamm"]
[Date "2022.11.17"]
[Round "1"]
[White "Braeutigam, Thomas"]
[Black "Hinz, Andre"]
[Result "1-0"]
[WhiteElo "2051"]
[BlackElo "1668"]
[PlyCount "71"]
[EventDate "2022.11.17"]
[EventType "swiss"]
[EventRounds "7"]
[EventCountry "GER"]
[SourceTitle "CBM 212 Extra"]
[Source "ChessBase"]
[SourceDate "2023.03.31"]
[SourceVersion "1"]
[SourceVersionDate "2023.03.31"]
[SourceQuality "1"]

1. d4 d5 2. Nf3 Nf6 3. g3 e6 4. Bg2 Be7 5. 0-0 0-0 6. c4 c6 7. Nbd2 b6 8. Qc2 a5 9. e4 Ba6 10. b3 b5 11. Re1 bxc4 12. bxc4 Bb4 13. exd5 exd5 14. c5 Bxd2 15. Nxd2 Re8 16. Bb2 Ra7 17. Bc3 Rae7 18. Rxe7 Rxe7 19. Qa4 Qe8 20. Qxa5 Re2 21. Nf1 Bd3 22. Bf3 Re6 23. Bd2 Be4 24. Bxe4 Nxe4 25. Be3 Nd7 26. Rb1 h5 27. Qc7 Kh7 28. Rb7 Nef6 29. a4 Kg6 30. a5 Qa8 31. Ra7 Qb8 32. Qxb8 Nxb8 33. Rb7 Nfd7 34. Bf4 Re8 35. a6 Nxc5 36. a7 1-0

[Event "Mittelfranken Landesliga Nord 2122"]
[Site "Mittelfranken"]
[Date "2022.06.26"]
[Round "3.6"]
[White "Paar, Johannes"]
[Black "Braeutigam, Thomas"]
[Result "1-0"]
[WhiteElo "1921"]
[BlackElo "2066"]
[PlyCount "59"]
[EventDate "2021.10.24"]
[EventType "team-tourn"]
[EventRounds "9"]
[EventCountry "GER"]
[SourceTitle "EXT 2024"]
[Source "ChessBase"]
[SourceDate "2023.10.10"]
[SourceVersion "1"]
[SourceVersionDate "2023.10.10"]
[SourceQuality "1"]
[WhiteTeam "Schwandorf"]
[BlackTeam "Wuerzburg"]
[WhiteTeamCountry "GER"]
[BlackTeamCountry "GER"]

1. d4 d5 2. c4 e6 3. Nc3 c6 4. Nf3 Nf6 5. Bg5 dxc4 6. e4 b5 7. e5 h6 8. Bh4 g5 9. Nxg5 hxg5 10. Bxg5 Nbd7 11. g3 Bb7 12. Bg2 Qb6 13. exf6 0-0-0 14. 0-0 c5 15. d5 b4 16. Na4 Qb5 17. a3 Nb8 18. axb4 cxb4 19. Be3 Bxd5 20. Bxd5 Rxd5 21. Qg4 Nc6 22. Rfc1 Ne5 23. Qe4 Qc6 24. Kg2 Kb7 25. b3 c3 26. Nxc3 bxc3 27. Rxa7+ Kb8 28. Rca1 Bc5 29. R7a6 Qb7 30. Bxc5 1-0

[Event "Mittelfranken Landesliga Nord 2122"]
[Site "Mittelfranken"]
[Date "2022.05.15"]
[Round "5.6"]
[White "Redzepovic, Irfan"]
[Black "Braeutigam, Thomas"]
[Result "0-1"]
[WhiteElo "2063"]
[BlackElo "2066"]
[PlyCount "110"]
[EventDate "2021.10.24"]
[EventType "team-tourn"]
[EventRounds "9"]
[EventCountry "GER"]
[SourceTitle "EXT 2024"]
[Source "ChessBase"]
[SourceDate "2023.10.10"]
[SourceVersion "1"]
[SourceVersionDate "2023.10.10"]
[SourceQuality "1"]
[WhiteTeam "Nuernberg SW"]
[BlackTeam "Wuerzburg"]
[WhiteTeamCountry "GER"]
[BlackTeamCountry "GER"]

1. d4 d5 2. Nf3 Nf6 3. c4 e6 4. e3 Be7 5. Qc2 0-0 6. Bd3 b6 7. b3 Bb7 8. Nbd2 c5 9. dxc5 bxc5 10. Bb2 Nc6 11. a3 d4 12. exd4 Nxd4 13. Bxd4 cxd4 14. 0-0 g6 15. Rfd1 Qb6 16. b4 Rfd8 17. Rac1 Rac8 18. Qb2 Nd7 19. Qb1 e5 20. Re1 Bf6 21. c5 Qe6 22. Bc4 Qg4 23. Ne4 Be7 24. Ned2 Kg7 25. h3 Qf4 26. Qd3 Bf6 27. Ne4 Be7 28. Ned2 Bf6 29. Ba2 a6 30. Bb1 Re8 31. g3 Qh6 32. Kh2 Bg5 33. Nxg5 Qxg5 34. Ne4 Qf5 35. Qe2 Bxe4 36. Bxe4 Qe6 37. Bb7 Rc7 38. Bxa6 e4 39. Bc4 Qf6 40. Bd5 d3 41. Qd2 Qf5 42. Bb3 h5 43. Rc3 h4 44. Qf4 Ne5 45. Bd1 hxg3+ 46. Qxg3 Rh8 47. Kg2 Rcc8 48. Re3 Rcd8 49. c6 d2 50. c7 Rc8 51. Rc5 f6 52. Rec3 Qe6 53. Qe3 Nf3 54. Bxf3 Qxh3+ 55. Kg1 d1Q+ 0-1

[Event "Mittelfranken Landesliga Nord 2122"]
[Site "Mittelfranken"]
[Date "2022.04.03"]
[Round "7.6"]
[White "Mueller, Johannes2222"]
[Black "Braeutigam, Thomas"]
[Result "0-1"]
[WhiteElo "1987"]
[BlackElo "2066"]
[PlyCount "56"]
[EventDate "2021.10.24"]
[EventType "team-tourn"]
[EventRounds "9"]
[EventCountry "GER"]
[SourceTitle "EXT 2024"]
[Source "ChessBase"]
[SourceDate "2023.10.10"]
[SourceVersion "1"]
[SourceVersionDate "2023.10.10"]
[SourceQuality "1"]
[WhiteTeam "Kelheim"]
[BlackTeam "Wuerzburg"]
[WhiteTeamCountry "GER"]
[BlackTeamCountry "GER"]

1. d4 d5 2. c4 e6 3. Nc3 c6 4. Nf3 Nf6 5. Bg5 dxc4 6. e4 b5 7. e5 h6 8. Bh4 g5 9. Nxg5 hxg5 10. Bxg5 Nbd7 11. exf6 Bb7 12. g3 Qb6 13. Bg2 0-0-0 14. 0-0 c5 15. d5 b4 16. Na4 Qb5 17. a3 Nb8 18. axb4 cxb4 19. Qg4 Bxd5 20. Bxd5 Rxd5 21. h4 Nc6 22. Rfc1 Rd4 23. Qf3 Bh6 24. Qh5 Qd5 25. Qxf7 Bxg5 26. Qg7 Rhxh4 27. gxh4 Rg4+ 28. Kf1 Qd3+ 0-1

[Event "Landesliga Nord 1415"]
[Site "Bayern"]
[Date "2014.11.09"]
[Round "2.3"]
[White "Braeutigam, Thomas"]
[Black "Haag, Wolfgang"]
[Result "0-1"]
[WhiteElo "1974"]
[BlackElo "2081"]
[PlyCount "114"]
[EventDate "2014.10.19"]
[EventType "team-tourn"]
[EventRounds "9"]
[EventCountry "GER"]
[SourceTitle "EXT 2018"]
[Source "ChessBase"]
[SourceDate "2017.10.13"]
[SourceVersion "1"]
[SourceVersionDate "2017.10.13"]
[SourceQuality "1"]
[WhiteTeam "Wuerzburg"]
[BlackTeam "Schweinfurt"]
[WhiteTeamCountry "GER"]
[BlackTeamCountry "GER"]

1. d4 Nf6 2. c4 g6 3. Nf3 Bg7 4. g3 0-0 5. Bg2 d6 6. 0-0 c6 7. Nc3 Nbd7 8. b3 Qa5 9. Bb2 e5 10. e3 Re8 11. a3 Nf8 12. b4 Qc7 13. h3 Bf5 14. Re1 Ne4 15. Bf1 Nxc3 16. Bxc3 h5 17. Rc1 Nh7 18. a4 a6 19. c5 dxc5 20. bxc5 exd4 21. exd4 Qd7 22. Kh2 Rxe1 23. Qxe1 Re8 24. Qd2 Be4 25. Bg2 Qd5 26. Re1 Re6 27. Qf4 Qf5 28. Qxf5 Bxf5 29. Rxe6 Bxe6 30. Nd2 Nf6 31. Ne4 Ne8 32. Nd2 Kf8 33. Bf1 Ke7 34. Nc4 Nf6 35. Nd6 Nd5 36. Bb2 b5 37. axb5 cxb5 38. Kg2 Kd7 39. Kf3 Kc6 40. Ke4 Nc7 41. Kd3 Bd5 42. Ke3 a5 43. f4 Bf8 44. Ne4 b4 45. Nf6 Be6 46. g4 hxg4 47. hxg4 Nd5+ 48. Nxd5 Bxd5 49. g5 a4 50. Kd3 Kb5 51. Kc2+ Bc4 52. Bh3 Bb3+ 53. Kb1 a3 54. Ba1 Be6 55. Bg2 b3 56. Kc1 Bg7 57. d5 b2+ 0-1

[Event "Landesliga Nord 1415"]
[Site "Bayern"]
[Date "2014.10.19"]
[Round "1.5"]
[White "Basel, Matthias"]
[Black "Braeutigam, Thomas"]
[Result "1-0"]
[WhiteElo "2006"]
[BlackElo "1974"]
[PlyCount "101"]
[EventDate "2014.10.19"]
[EventType "team-tourn"]
[EventRounds "9"]
[EventCountry "GER"]
[SourceTitle "EXT 2018"]
[Source "ChessBase"]
[SourceDate "2017.10.13"]
[SourceVersion "1"]
[SourceVersionDate "2017.10.13"]
[SourceQuality "1"]
[WhiteTeam "Kitzingen"]
[BlackTeam "Wuerzburg"]
[WhiteTeamCountry "GER"]
[BlackTeamCountry "GER"]

1. d4 Nf6 2. Nf3 g6 3. c4 Bg7 4. Nc3 d5 5. Bf4 0-0 6. e3 c5 7. dxc5 Qa5 8. Rc1 Ne4 9. cxd5 Nxc3 10. Qd2 Qxc5 11. bxc3 Bf5 12. c4 Nd7 13. Nd4 Ne5 14. f3 Rfd8 15. Be2 Rac8 16. Nb3 Qa3 17. 0-0 a5 18. e4 a4 19. Nd4 Bd7 20. Be3 Be8 21. f4 Nd7 22. Nb5 Qb2 23. Rc2 Qf6 24. e5 Qa6 25. c5 Qa8 26. Qd4 Nf8 27. Qe4 Bd7 28. Rd2 Qa5 29. Rb2 Bf5 30. Qc4 g5 31. g3 Ng6 32. Rb4 Rxd5 33. Rxa4 Qd8 34. Nd6 Be6 35. Nxb7 Qc7 36. Qb4 Rb8 37. Ra7 gxf4 38. gxf4 Nh4 39. Qb6 Qc8 40. c6 Bh3 41. c7 Bxf1 42. cxb8Q Qxb8 43. Kxf1 Qc8 44. e6 Nf5 45. Bc5 Bd4 46. exf7+ Kf8 47. Qa6 Ne3+ 48. Kf2 Nd1+ 49. Kg3 Kxf7 50. Nd6+ Rxd6 51. Qxc8 1-0

[Event "Regionalliga NW 1213"]
[Site "Bayern"]
[Date "2012.10.14"]
[Round "1.1"]
[White "Lorenz, Mark"]
[Black "Braeutigam, Thomas"]
[Result "1-0"]
[WhiteElo "2105"]
[BlackElo "2028"]
[PlyCount "75"]
[EventDate "2012.10.14"]
[EventType "team-tourn"]
[EventRounds "9"]
[EventCountry "GER"]
[SourceTitle "EXT 2015"]
[Source "ChessBase"]
[SourceDate "2014.11.20"]
[SourceVersion "1"]
[SourceVersionDate "2014.11.20"]
[SourceQuality "1"]
[WhiteTeam "Marktleuthen"]
[BlackTeam "Wuerzburg II"]
[WhiteTeamCountry "GER"]
[BlackTeamCountry "GER"]

1. c4 g6 2. g3 Bg7 3. Bg2 Nf6 4. Nf3 0-0 5. 0-0 c5 6. Nc3 Nc6 7. d4 cxd4 8. Nxd4 Qb6 9. Nc2 Qc5 10. b3 Qh5 11. Bd2 d6 12. Rc1 Bh3 13. Bxh3 Qxh3 14. f3 Nh5 15. Ne4 Rad8 16. Nf2 Qe6 17. e4 f5 18. exf5 gxf5 19. Re1 Qg6 20. Qe2 e5 21. Kh1 Kh8 22. Rg1 Nf6 23. Bc3 d5 24. cxd5 Nxd5 25. Bb2 Rfe8 26. g4 Nd4 27. Nxd4 exd4 28. Qd2 Nc3 29. Rce1 Rxe1 30. Rxe1 Qc6 31. Kg2 fxg4 32. Nxg4 Rf8 33. Qd3 Qc7 34. Ba3 Rg8 35. Re7 Qa5 36. Bc1 Qxa2+ 37. Kh3 Qa5 38. Nf6 1-0

[Event "Unterfranken-ch M1 63th"]
[Site "Schweinfurt"]
[Date "2012.04.10"]
[Round "3"]
[White "Lang, Stefan1111"]
[Black "Braeutigam, Thomas"]
[Result "1-0"]
[WhiteElo "2016"]
[BlackElo "2019"]
[PlyCount "61"]
[EventDate "2012.04.09"]
[EventType "swiss"]
[EventRounds "9"]
[EventCountry "GER"]
[SourceTitle "EXT 2015"]
[Source "ChessBase"]
[SourceDate "2014.11.20"]
[SourceVersion "1"]
[SourceVersionDate "2014.11.20"]
[SourceQuality "1"]

1. d3 d5 2. Nf3 c5 3. h3 Nc6 4. Bf4 f6 5. Nbd2 e5 6. Bh2 Be6 7. c3 Qd7 8. Qc2 Bd6 9. e4 Nge7 10. Be2 0-0 11. g4 Rab8 12. Nh4 g6 13. Ng2 b5 14. f4 d4 15. f5 Bf7 16. 0-0 g5 17. Nf3 dxc3 18. bxc3 b4 19. c4 Nd4 20. Nxd4 exd4 21. Bxd6 Qxd6 22. Rf3 Nc6 23. h4 h6 24. Rh3 Kg7 25. Kf2 Rh8 26. Rah1 Ne5 27. Bd1 Qa6 28. Ne1 Qa3 29. Kf1 Rh7 30. hxg5 fxg5 31. Qh2 1-0

[Event "Unterfranken-ch M1 62th"]
[Site "Gerolzhofen"]
[Date "2011.04.28"]
[Round "6"]
[White "Arens, Johannes"]
[Black "Braeutigam, Thomas"]
[Result "1/2-1/2"]
[WhiteElo "2090"]
[BlackElo "2045"]
[PlyCount "153"]
[EventDate "2011.04.25"]
[EventType "swiss"]
[EventRounds "9"]
[EventCountry "GER"]
[SourceTitle "EXT 2015"]
[Source "ChessBase"]
[SourceDate "2014.11.20"]
[SourceVersion "1"]
[SourceVersionDate "2014.11.20"]
[SourceQuality "1"]

1. d4 d5 2. Nf3 Nf6 3. c4 e6 4. Nc3 c6 5. Bg5 dxc4 6. e4 b5 7. e5 h6 8. Bh4 g5 9. Nxg5 hxg5 10. Bxg5 Nbd7 11. g3 Qb6 12. exf6 Bb7 13. Bg2 c5 14. d5 0-0-0 15. 0-0 b4 16. Na4 Qb5 17. a3 exd5 18. axb4 cxb4 19. Be3 Nc5 20. Qg4+ Kb8 21. Qd4 Nxa4 22. Qxa7+ Kc7 23. Rxa4 Ra8 24. Qxa8 Bxa8 25. Rxa8 Bh6 26. Rxh8 Bxe3 27. fxe3 c3 28. Bh3 Qe2 29. bxc3 Qxe3+ 30. Kh1 bxc3 31. Rc8+ Kd6 32. Bg2 d4 33. Rd1 Kd7 34. Bh3+ Kd6 35. Rd8+ Kc5 36. Rc8+ Kd6 37. Bg2 Kd7 38. Rc4 Ke6 39. Rcxd4 c2 40. Rd6+ Kf5 41. Rf1+ Kg5 42. Rc6 Qe2 43. h3 Kh6 44. Kh2 Qd1 45. h4 Kg6 46. Rc8 Qd2 47. Kh1 Qd3 48. Re8 Qxf1+ 49. Bxf1 c1Q 50. Rg8+ Kxf6 51. Kg2 Qc2+ 52. Kg1 Ke7 53. Bg2 f6 54. Ra8 Kf7 55. Ra1 Qd3 56. Kh2 Qe2 57. Rf1 Kg6 58. Rf4 Kg7 59. Re4 Qh5 60. Re7+ Kf8 61. Rb7 Qg4 62. Rb3 Kg7 63. Bf3 Qf5 64. Re3 Qc5 65. Re2 Qa3 66. Kg2 Qb4 67. Be4 Qc4 68. Kf3 Qb3+ 69. Kg2 Qc4 70. Bf3 Qb4 71. g4 f5 72. gxf5 Qxh4 73. Re4 Qd8 74. Kh3 Kf6 75. Kg3 Qb8+ 76. Kg2 Kxf5 77. Kf2 1/2-1/2